000 00415nam a22001697a 4500
999 _c8962
_d8962
003 OSt
008 200714b ||||| |||| 00| 0 eng d
020 _a9788123902937.
082 _a545ALQ
100 _aAlexeyev, V
245 _aQuantitative Analysis
250 _a2005
260 _aNew Delhi
_bCBS Publishers
300 _aPg-395
650 _aPharmaceutical Analysis and Quality Assurance
942 _2ddc
_cBK